| 000 | 00804nam a22001817a 4500 | ||
|---|---|---|---|
| 082 |
_a949.61 _bMEH |
||
| 100 | _aMaulana Ghulam Rasool Mehr | ||
| 245 |
_aQustantiniya ya Istanbul _cMehr, Maulana Ghulam Rasool |
||
| 260 |
_aLahore: _bSheikh Ghulam Ali & Sons (Private) Limited Publishers, _c2016. |
||
| 300 |
_a284 p. _c22cm. |
||
| 563 | _aHB. | ||
| 650 |
_aUrdu Literature - Istanbul - History. _9129785 |
||
| 700 |
_aتصنیف: ہیر لڈلیم / Harold Lamb _9129786 |
||
| 880 |
_6100-01\(3\r _a ترجمہ بہ تلخیص و اضافہ مولانہ غلام رسول مہر |
||
| 880 |
_6245-02\(03\r _aقسطنطنیہ یا استنبول |
||
| 880 |
_6260-03\(03\r _a لاہور _bشیخ غلام علی اینڈ سنز (پرائیویٹ) لمیٹیڈ پبلیشرز |
||
| 942 |
_2ddc _cBK |
||
| 999 |
_c614322 _d614322 |
||